书目信息 |
| 题名: |
金融改革路在何方
|
|
| 作者: | 徐滇庆 主编 | |
| 分册: | ||
| 出版信息: | 北京 北京大学出版社 2002 |
|
| 页数: | 300页 | |
| 开本: | 24cm | |
| 丛书名: | ||
| 单 册: | ||
| 中图分类: | F830.39 | |
| 科图分类: | ||
| 主题词: | 民营经济--银行--基本知识--问答 | |
| 电子资源: | ||
| ISBN: | 7-301-05094-1 | |
| 000 | 00672nam0 2200205 45 | |
| 001 | 0312161161 | |
| 005 | 20031219104123.1 | |
| 010 | @a7-301-05094-1@dCNY37.00 | |
| 100 | @a20031216d2002 km y0chiy0120 ea | |
| 101 | 0 | @achi |
| 105 | @a z 000yy | |
| 200 | 1 | @a金融改革路在何方@AJin Rong Gai Ge Lu Zai He Fang@e民营银行200问@EMin Ying Yin Hang 200 Wen@f徐滇庆主编@FXu Dian Qing Zhu Bian |
| 210 | @a北京@c北京大学出版社@d2002 | |
| 215 | @a300页@d24cm | |
| 517 | @a民营银行200问@AMin Ying Yin Hang 200 Wen | |
| 606 | 0 | @a民营经济@x银行@x基本知识@x问答 |
| 690 | @aF830.39@v4 | |
| 701 | 0 | @a徐滇庆@4主编 |
| 801 | @aCN@bTSTC@c20031216 | |
| 905 | @b330234-237@dF830.39@e20@f4 | |
| 金融改革路在何方:民营银行200问/徐滇庆主编.-北京:北京大学出版社,2002 |
| 300页;24cm |
| ISBN 7-301-05094-1:CNY37.00 |
| ● |
| 相关链接 |
|
|
|
|
正题名:金融改革路在何方
索取号:F830.39/20
 
预约/预借
| 序号 | 登录号 | 条形码 | 馆藏地/架位号 | 状态 | 备注 |
| 1 | 0330234 | 203302345 | 第一借阅区/ [索取号:F830.39/20] | 在馆 | |
| 2 | 0330235 | 203302354 | 第一借阅区/ [索取号:F830.39/20] | 在馆 | |
| 3 | 0330236 | 203302363 | 第一借阅区/ [索取号:F830.39/20] | 在馆 | |
| 4 | 0330237 | 203302372 | 第一样本阅览室/ [索取号:F830.39/20] | 在馆 |